| 000 | 00615cam a22002051 4500 | ||
|---|---|---|---|
| 001 | ne 64001700 | ||
| 003 | DLC | ||
| 005 | 20260227111802.0 | ||
| 008 | 900515s1963 ua a 000 0 ararc | ||
| 010 | _ane 64001700 | ||
| 025 | _aPL480:UAR-4437 | ||
| 035 | _a(OCoLC)21540434 | ||
| 040 |
_aPrinceton Univ. Libr. _cWaU _dDLC |
||
| 042 | _apremarc | ||
| 050 | 0 | 0 |
_aPJ7862.I35 _bW3 |
| 100 | 1 | _aSibāʻī, Yūsuf. | |
| 245 | 1 | 0 |
_aWarāʼa al-sitār, _bmasraḥīyah .. fī thalāthat fusūl. _c[taʼlīf] Yūsuf al-Sibāʻī. |
| 260 |
_aMiṣr, _bMuʼassasat al-Khānjī, _c[1963] |
||
| 300 |
_a187 p. _billus. _c20 cm. |
||
| 999 |
_c47208 _d47208 |
||